| 000 | 00940nam a2200253 i 4500 | ||
|---|---|---|---|
| 001 | 180169 | ||
| 003 | ES-MaACL | ||
| 005 | 20230928180541.0 | ||
| 008 | 120510s2008 sp ao |||| |dspa d | ||
| 020 | _a978-84-96890-95-4 | ||
| 080 | _a94(460.283 Beteta) | ||
| 100 | 1 |
_aSolano Oropesa, Carlos. _9149962 |
|
| 245 | 1 | 0 |
_aBeteta, alma de la sierra _b: 2000 años de historia / _cCarlos Solano Oropesa, Juan Carlos Solano Herranz. |
| 260 |
_aCuenca : _bDiputación Provincial de Cuenca, _c2008. |
||
| 300 |
_a362 p. : _bil. col. y n., fot. ; _c23 cm. |
||
| 504 | _aBibliografía: p. [353]-362. | ||
| 651 | 7 |
_aBeteta. _9149964 |
|
| 651 | 4 |
_aCuenca (Provincia)- _xDescripción. _9137110 |
|
| 700 | 1 |
_aSolano Herranz, Juan Carlos. _9149963 |
|
| 710 | 1 |
_aCuenca (Provincia). _bDiputación Provincial. _93346 |
|
| 852 |
_aES-MaACL _jA-12079 _9187079 _bR.146815 _cDEPO1 _dOlim: N-5084 |
||
| 942 |
_2udc _cMONOGRAFIA |
||
| 999 |
_c180169 _d180169 |
||